| 000 | 00777nam a2200241 i 4500 | ||
|---|---|---|---|
| 001 | 77528 | ||
| 003 | ES-MaACL | ||
| 005 | 20250731070132.0 | ||
| 007 | t| | ||
| 008 | 041020s2004 sp ||||1| spa d | ||
| 020 | _a84-95427-61-3 | ||
| 080 | _a821.134.2-31.09"19" | ||
| 245 | 0 | 0 |
_aMostrar con propiedad un desatino _b: la novela española contemporánea / _c[José Martínez Cachero ... et al.]. |
| 250 | _a1ª ed. | ||
| 260 |
_aMadrid : _bEneida, _c2004. |
||
| 300 |
_a254 p. ; _c24 cm. |
||
| 490 | 1 |
_aPuntos de vista ; _v5 |
|
| 650 | 1 | 4 |
_aNovela española- _yS.XX- _xHistoria y crítica _915617 |
| 700 | 1 |
_aMartínez Cachero, José María. _977905 |
|
| 830 | 0 |
_aPuntos de vista ; _v5 _9176667 |
|
| 852 |
_aES-MaACL _jL-28287 _bR.134196 |
||
| 999 |
_c77528 _d77528 |
||